| 000 | 00721cam a2200229 a 4500 | ||
|---|---|---|---|
| 001 | 000015517 | ||
| 005 | 20240306073909.0 | ||
| 008 | 010122s2000 sp 000 1 spa d | ||
| 020 | _a8489163839 | ||
| 040 |
_aDO-SdBNP _bspa _cBNPHU |
||
| 082 |
_aCu863.2 _bM378e, 2000 |
||
| 100 | 1 |
_aMartí, José, _d1853-1895 _9645 |
|
| 245 | 1 | 3 |
_aLa edad de oro / _cJosé Martí ; edición crítica de Eduardo Lolo. |
| 250 | _a2a ed. | ||
| 260 |
_aMadrid : _bJM, _c2000. |
||
| 300 |
_a188 p. ; _c20 cm. |
||
| 490 | 1 |
_aClásicos universales; _v47 |
|
| 650 | 4 |
_aCuentos infantiles cubanos _9646 |
|
| 650 | 4 |
_aLiteratura infantil cubana _9647 |
|
| 830 | 0 |
_aClásicos universales ; _v47 _9266 |
|
| 910 | _aValidado. Control de calidad MFF | ||
| 999 |
_c15073 _d15073 |
||